Normal view
MARC view
Entry Personal Name
001 - CONTROL NUMBER
- control field: 3095
003 - CONTROL NUMBER IDENTIFIER
- control field: AM-YEHGA
005 - DATE AND TIME OF LATEST TRANSACTION
- control field: 20250617070441.0
008 - FIXED-LENGTH DATA ELEMENTS
- fixed length control field: 060602 a|ac|n|aab||||||||||||a |n|||||||
040 ## - CATALOGING SOURCE
- Original cataloging agency: AM-YEHGA
100 1# - HEADING--PERSONAL NAME
- Personal name: Անանյան, Սարգիս Սողոմոնի,
- Dates associated with a name: 1885-1935
400 1# - SEE FROM TRACING--PERSONAL NAME
- Personal name: Անանյան, Սարգիս,
- Dates associated with a name: 1885-1935
400 1# - SEE FROM TRACING--PERSONAL NAME
- Personal name: Անանյան, Ս.Ս.
- Fuller form of name: (Սարգիս Սողոմոնի),
- Dates associated with a name: 1885-1935
400 1# - SEE FROM TRACING--PERSONAL NAME
- Personal name: Անանյան, Ս.
- Fuller form of name: (Սարգիս),
- Dates associated with a name: 1885-1935
400 1# - SEE FROM TRACING--PERSONAL NAME
- Personal name: Ананян, Сарктс Согомонович,
- Dates associated with a name: 1885-1935
400 1# - SEE FROM TRACING--PERSONAL NAME
- Personal name: Ananyan, Sargis Soghomoni,
- Dates associated with a name: 1885-1935
670 ## - SOURCE DATA FOUND
- Source citation: Ով ով է. հայեր (կենսագրական հանրագիտարան), 2005 :
- Information found: հ. 1 (Անանյան (Տեր-Անանյան) Սարգիս Սողոմոնի [14.5.1885, Բերդ (այժմ՝ ՀՀ Տավուշի մ-ում) - 2.12.1935, Գանձակ (այժմ՝ Գյանջա՝ Ադրբ-ում)], թարգմանիչ, մանկավարժ)
670 ## - SOURCE DATA FOUND
- Source citation: Երկրի դուստրը, 1931 :
- Information found: տիտղթ. (Ա. Սմեդլի; Թարգմ.՝ Ս. Անանյան)
ՀՀ Գիտությունների ազգային ակադեմիայի հիմնարար գիտական գրադարան = Fundamental Scientific Library of NAS RA
All site content, except where otherwise noted, is licensed under a